| 000 | 01112nam a2200265 a 4500 | ||
|---|---|---|---|
| 003 | SISC | ||
| 005 | 20170126085836.0 | ||
| 008 | 121030s19uu xx 00 eng d | ||
| 020 | _a9780230111028 | ||
| 050 |
_aHD 62.25 _b.W45 2011 |
||
| 100 | _aWhiteside, Mary F. | ||
| 245 |
_aHow families work together / _cMary F. Whiteside, with Craig E. Aronoff and John L. Ward. |
||
| 250 | _a1st Palgrave Macmillan edition. | ||
| 260 |
_aNew York, United States : _bPalgrave Macmillan, _c2011. |
||
| 300 |
_aviii, 91 pages : _billustrations ; _c22 cm. |
||
| 440 | _aFamily business leadership series. | ||
| 500 | _aIncludes index. | ||
| 520 | _aThrough an investigative look at familial interactions, the authors highlight normal conflicts, criticisms, and communications failures that are a part of the family experience as well as their effects on working relationships within the enterprise | ||
| 650 |
_aFamily-owned business enterprises _xManagement. |
||
| 650 |
_aFamily corporations _xManagement. |
||
| 700 | _aAronoff, Craig E. | ||
| 700 | _aWard, John L. | ||
| 942 |
_cBK _2lcc _kFOR |
||
| 999 |
_c39782 _d39782 |
||